000 00966nam a2200241Ia 4500
005 20240530110950.0
008 140319s2007 xx 000 0 ara d
040 _aGCL /
_cGCL
082 0 4 _a650.1 /
_bق م
110 _aعبدالرحمن توفيق
245 1 0 _aمفكرون وافكار صنعوا مجد الادارة /
_cتاليف عبدالرحمن توفيق ؛ اعداد قسم التطوير والتعليم المستمر
250 _aالاولى
260 _aالقاهرة :
_bمركز الخبرات المهنية للادارة (ببميك) ،
_c2007
300 _a431 ص ؛
_c24 سم
650 0 4 _aمفكرون
650 0 4 _aالادارة
650 0 4 _aادارة الافراد
650 0 4 _aالجودة
650 0 4 _aالقيادة
710 _aقسم التطوير والتعليم المستمر - ادارة بوك للنشر
_eاعداد
942 _2ddc
_cBK
999 _c66976
_d66976